Modeling and analysis of stochastic systems
Saved in:
| Main Author: | |
|---|---|
| Format: | Book |
| Language: | English |
| Published: |
New York :
Chapman & Hall,
1995
|
| Series: | Texts in statistical science
|
| Subjects: | |
| Tags: |
Add Tag
No Tags, Be the first to tag this record!
|
MARC
| LEADER | 00000nam a2200000 i 4500 | ||
|---|---|---|---|
| 001 | 1/8299 | ||
| 008 | 000627s1995 eng d | ||
| 020 | |a 0-412-04991-0 | ||
| 035 | |l 10062621 | ||
| 040 | |a GR-MY-UA |b gre |e aacr | ||
| 041 | 0 | |a eng | |
| 082 | 0 | |a 003.76 |2 (20) | |
| 100 | 1 | |a Kulkarni, Vidyadhar G. | |
| 245 | 1 | 0 | |a Modeling and analysis of stochastic systems / |c Vidyadhar G. Kulkarni |
| 260 | |a New York : |b Chapman & Hall, |c 1995 | ||
| 300 | |a xi, 619 p.; |b ill.; |c 25 cm. | ||
| 500 | |a Text and statistical science | ||
| 500 | |a Chapman & Hall texts in statistical science series | ||
| 504 | |a Includes bibliographical references (p. 608-610) and index | ||
| 650 | 0 | 0 | |a Stochastic processes. |
| 830 | 0 | |a Texts in statistical science | |
| 852 | |a INST |b CHIOS |e 20070808 |h 003.76 KUL |p 005200025796 |q 005200025796 |t BK |y 0 | ||
| 852 | |a INST |b SAMOS |e 20000627 |h 003.76 KUL |p 005300019360 |q 005300019360 |t BK |y 0 | ||
| 901 | |a BIBL3-2000-2 | ||
| 901 | |a BIBL2-2007-2 | ||
| 909 | |a Σ |b 078730 | ||
| 909 | |a Χ |b 136952 | ||
| 922 | |a 3ΕΛΗ |b 200005 |c ΚΠΣ |d ΠΑΠΑΣΩΤΗΡΙΟΥ | ||
| 922 | |a 2ΕΛΗ |b 200707 |c ΕΠΕΑΕΚ2/ΤΜΟΔ |d ΠΑΠΑΣΩΤΗΡΙΟΥ | ||
| 950 | |a 116-1999-12-31 | ||
| 970 | |a ΜΑΛΑΓΑΡΗ |b ΦΩΤΕΙΝΗ |z 2000/07/21 | ||